BUBT Library Online Catalog

Succession in the Muslim family / (Record no. 6147)

000 -LEADER
fixed length control field 00596nam a22002177a 4500
003 - CONTROL NUMBER IDENTIFIER
control field BUBTL
008 - FIXED-LENGTH DATA ELEMENTS--GENERAL INFORMATION
fixed length control field 191112b xxu||||| |||| 00| 0 eng d
020 ## - INTERNATIONAL STANDARD BOOK NUMBER
International Standard Book Number 052078520
041 ## - LANGUAGE CODE
Language code of text/sound track or separate title English
082 ## - DEWEY DECIMAL CLASSIFICATION NUMBER
Classification number 346.052 / C83211s/ 1971
100 ## - MAIN ENTRY--PERSONAL NAME
9 (RLIN) 2450
Personal name Coulson, N. J.
245 ## - TITLE STATEMENT
Title Succession in the Muslim family /
Statement of responsibility, etc. N. J. Coulson
250 ## - EDITION STATEMENT
Edition statement 1st ed.
260 ## - PUBLICATION, DISTRIBUTION, ETC. (IMPRINT)
Place of publication, distribution, etc. London :
Name of publisher, distributor, etc. Cambridge University Press,
Date of publication, distribution, etc. c1971
300 ## - PHYSICAL DESCRIPTION
Extent v, 287 p. :
Dimensions 21 cm.
526 ## - STUDY PROGRAM INFORMATION NOTE
Program name Law
650 #0 - SUBJECT ADDED ENTRY--TOPICAL TERM
9 (RLIN) 26
Topical term or geographic name as entry element Law
856 ## - ELECTRONIC LOCATION AND ACCESS
Password 0
Logon 0
Link text Download
942 ## - ADDED ENTRY ELEMENTS (KOHA)
Source of classification or shelving scheme
Koha item type Books
Holdings
Withdrawn status Lost status Source of classification or shelving scheme Damaged status Not for loan Collection code Permanent location Current location Shelving location Date acquired Inventory number Total Checkouts Full call number Barcode Date last seen Copy number Price effective from Koha item type Date last checked out Source of acquisition
        Not For Loan Non-fiction Bangladesh University of Business and Technology Library Bangladesh University of Business and Technology Library Law Stacks 11/09/2019 26084   346.052 / COS BUBTL-200326084 11/12/2019 C-1 11/12/2019 Books    
        Not For Loan Non-fiction Bangladesh University of Business and Technology Library Bangladesh University of Business and Technology Library Law Stacks 11/09/2019 26085   346.052 / COS BUBTL-200326085 11/12/2019 C-2 11/12/2019 Books    
          Non-fiction Bangladesh University of Business and Technology Library Bangladesh University of Business and Technology Library Law Stacks 11/09/2019 26086 3 346.052 / COS BUBTL-200326086 03/07/2024 C-3 11/12/2019 Books 02/28/2024  
          Non-fiction Bangladesh University of Business and Technology Library Bangladesh University of Business and Technology Library Law Stacks 11/09/2019 26087 4 346.052 / COS BUBTL-200326087 10/14/2023 C-4 11/12/2019 Books 10/10/2023  
          Non-fiction Bangladesh University of Business and Technology Library Bangladesh University of Business and Technology Library Law Stacks 11/09/2019 26088 3 346.052 / COS BUBTL-200326088 11/20/2023 C-5 11/12/2019 Books 11/14/2023  
        Not For Loan Non-fiction Bangladesh University of Business and Technology Library Bangladesh University of Business and Technology Library Law Stacks 03/31/2016 22244   346.052 / C83211s/ 1971 BUBTL-200322244 07/27/2023 C-6 07/27/2023 Books   Purchase
          Non-fiction Bangladesh University of Business and Technology Library Bangladesh University of Business and Technology Library Law Stacks 03/31/2016 22245   346.052 / C83211s/ 1971 BUBTL-200322245 07/27/2023 C-7 07/27/2023 Books   Purchase
          Non-fiction Bangladesh University of Business and Technology Library Bangladesh University of Business and Technology Library Law Stacks 03/31/2016 22246   346.052 / C83211s/ 1971 BUBTL-200322246 07/27/2023 C-8 07/27/2023 Books   Purchase

More Information About Library

Library Hours

  • Open: 9.00 am. to 9.00 pm.
  • Only Sunday: 9.00 am. to 6.00 pm.
  • Closed: Holiday

Contact to the University

Bangladesh University of Business and Technology Library

  • Mirpurl-2, 1216.
  • Phone:
  • Fax:
  • E-Mail: admin.library@bubt.edu.bd

Contact to the Library

Contact Person:

Md. Abdul Hakim Shah
Joint Librarian
PABX No:  113
Cell No: 01816332931
E-mail: official: admin.library@bubt.edu.bd
Personal: hakim.shah@bubt.edu.bd


BUBT Library

Copyright © 2021